000 00287nam a2200097Ia 4500
082 _a311.890968 ANST
245 0 _aCollective bargaining in the workplace
100 _a Grogan, John Claremont, South Africa, 2011
_948060
942 _cBK
008 210817s9999 xx 000 0 und d
999 _c170432
_d170431